Child play : its importance for human development

Αποθηκεύτηκε σε:
Λεπτομέρειες βιβλιογραφικής εγγραφής
Κύριος συγγραφέας: Slade, Peter
Μορφή: Βιβλίο
Γλώσσα:English
Δημοσίευση: London : Jessica Kingsley, 1995
Θέματα:
Ετικέτες: Προσθήκη ετικέτας
Δεν υπάρχουν, Καταχωρήστε ετικέτα πρώτοι!

MARC

LEADER 00000nam a2200000 i 4500
001 1/100621
008 000202s1995 eng d
020 |a 1-85302-246-2 
035 |l 10057347 
040 |a GR-MY-UA  |b gre  |e aacr 
041 0 |a eng 
082 0 |a 155.418 
100 1 |a Slade, Peter. 
245 1 0 |a Child play :  |b its importance for human development /  |c Peter Slade 
260 |a London :   |b Jessica Kingsley,   |c 1995 
300 |a 344 p. 
650 0 0 |a Play  |x Psychological aspects. 
650 0 0 |a Child development. 
852 |a INST  |b RHODES  |e 20000202  |h 155.418 SLA  |p 005400012127  |q 005400012127  |t BK  |y 0 
901 |a BIBL4-2000-1 
909 |a Ρ  |b 068662 
922 |a 4ΕΛΗ  |b 199909  |c ΚΠΣ/154  |d GLORY BOOKS 
970 |a ΚΟΥΛΑΚΙΟΤΗ  |b ΛΙΤΣΑ  |z 2000/02/02